000 00318nam a22001457a 4500
008 210429b ||||| |||| 00| 0 eng d
020 _a9780137053490
041 _aeng
080 _28th
_a33
082 _a33
100 _a58
101 _aBIZ
245 _a Business Essentials
_cRonald J. Ebert
942 _2udc
_cBK
999 _c56941
_d56941